Research in Organizational Behavior : (Record no. 610220)

MARC details
000 -LEADER
fixed length control field 00475nam a2200181 a 4500
008 - FIXED-LENGTH DATA ELEMENTS--GENERAL INFORMATION
fixed length control field 260204s1999##################000#0#eng##
020 ## - INTERNATIONAL STANDARD BOOK NUMBER
ISBN 9780762305735
082 04 - DEWEY DECIMAL CLASSIFICATION NUMBER
Classification number 302.35
Item number SUT.21
100 1# - MAIN ENTRY--AUTHOR NAME
Personal name Sutton, R.I.,
245 10 - TITLE STATEMENT
Title Research in Organizational Behavior :
260 ## - PUBLICATION, DISTRIBUTION, ETC. (IMPRINT)
Name of publisher JAI Press,
Year of publication 1999.
650 #0 - SUBJECT ADDED ENTRY--TOPICAL TERM
Topical Term Psychology.
942 ## - ADDED ENTRY ELEMENTS (KOHA)
Koha item type English Books
Holdings
Withdrawn status Lost status Damaged status Not for loan Home library Current library Shelving location Date acquired Full call number Accession Number Price effective from Koha item type
        Anna Centenary Library Anna Centenary Library 3RD FLOOR, B WING 04.02.2026 302.35 SUT.21 329601 04.02.2026 English Books

Find us on the map